| 000 | 01021naa a22003017a 4500 | ||
|---|---|---|---|
| 001 | BR8805654 | ||
| 003 | BR-BrBNA | ||
| 005 | 20240918180311.0 | ||
| 007 | ta | ||
| 008 | 230509b bl.||||| |||| 00| 0 por d | ||
| 040 |
_aBR-BrBNA _bpor _cBiblioteca Nacional de Agricultura |
||
| 041 | _a(Pt) | ||
| 072 | _aL01 | ||
| 090 | _aL01 BR8805654 | ||
| 100 | 1 | _aMeza, H.J. | |
| 111 | 1 |
_a4. Seminario dos Produtores de Pintos de Corte _cCampinas, SP (Brazil) _d24-26 Jun 1987 |
|
| 245 | 1 | _aNovos conceitos na desinfeccao de ovos incubaveis | |
| 260 | 3 |
_aCampinas, SP (Brasil): _c1987. |
|
| 500 | _aAnais do 4. Seminario dos Produtores de Pintos de Corte Campinas, SP (Brasil): 1987. p. 27-33 (BR8805654-AM)L01 | ||
| 650 | _aOVO | ||
| 650 | _aINCUBACAO | ||
| 650 | _aPRODUCAO | ||
| 650 | _aMANEJO | ||
| 650 | _aDESINFECCAO | ||
| 773 | 0 |
_tAnais do 4. Seminario dos Produtores de Pintos de Corte _wL01 BR8805654 _gCampinas, SP (Brasil), 1987. p. 27-33 |
|
| 909 |
_a202404 _bLucia _c55 _dLucia Elande |
||
| 942 |
_cAM _2AGRIS |
||
| 999 |
_c319674 _d319674 |
||